000 00304nam a22001337a 4500
008 181221b xxu||||| |||| 00| 0 eng d
020 _a9780198781097
041 _aeng
080 _a320
100 _a21
101 _aSHP
245 _aThe Globalization of World Politics
_cBaylis,J
942 _2udc
_cBK
999 _c53669
_d53669